| LEADER | 00780nam a2200277 4500 | ||
|---|---|---|---|
| 001 | DLU090076552 | ||
| 005 | ##20090619 | ||
| 040 | # | # | |a DLU |b vie |
| 041 | # | # | |a vie |
| 044 | # | # | |a vn |
| 100 | # | # | |a Phạm Thanh Bình. |
| 245 | # | # | |a Việc tạm giam để bảo đảm cho các hoạt động tố tụng khác / |c Phạm Thanh Bình. |
| 653 | # | # | |a Đảm bảo |
| 653 | # | # | |a Hoạt động |
| 653 | # | # | |a Tạm giam |
| 653 | # | # | |a Tố tụng |
| 773 | # | # | |t Luật học |g Số 4, 1996, tr. 51-54 |
| 920 | # | # | |a Phòng Tạp chí -- Trung tâm Thông tin - Thư viện Trường Đại học Đà Lạt |
| 994 | # | # | |a DLU |
| 900 | # | # | |a True |
| 911 | # | # | |a Nguyễn Thị Mai Anh |
| 925 | # | # | |a G |
| 926 | # | # | |a A |
| 927 | # | # | |a BB |
| 980 | # | # | |a Thư viện Trường Đại học Đà Lạt |